Quizzes
Events
Quiz Creation
Community
Videos
Private Events
Remove Ads
Sign In
Join for FREE
Feedback
Dark Mode
Quiz Categories
Sports
Geography
Music
Movies
Television
Just For Fun
Miscellaneous
History
Literature
Language
Science
Gaming
Entertainment
Religion
Holiday
For Kids
Quiz Lab
Recent
Popular Today
Quiz Kudos Today
Editor Picks
Curator Picks
Quizzes by...
Day
Popularity
Type
Ratings
Length
Year
Community
Subscriptions
Recent Discussions
Orange Saloon
Badges
Playlists
Quests
Create
Leaderboards
Showdown
Live 5
Trivia Bingo
Activity
Puzzle Library
Sporcle Events
Private Events
Virtual Trivia
Globe League
Become a Host
Pub Owners
SporcleCon
Opinionation
Our Games
Videos
Blog
Mobile Apps
Partnerships
Remove Ads and Go Orange
Feedback
Language
Vocabulary
Begins and Ends
Definition
Spanish
French
German
Italian
Chinese
Latin
Translation
Japanese
Language
Vocabulary
Begins and Ends
Definition
Spanish
French
German
Italian
Chinese
Latin
Translation
Japanese
Random Quiz
Search Sporcle
×
Quiz Lab
Quiz Lab
Language
Acronym
Type in answers that appear in a list
Type in answers that appear in a list
Classic
Best Score? Go Orange.
Acronyms And Initialisms Stats
Can you name the words and phrases represented by these common acronyms?
5m
38 Questions
62 Plays
62 Plays
62 Plays
Comments
Comments
Give Quiz Kudos
Give Quiz Kudos
-
- Ratings
hide this ad
Random Order
Randomize order of answers
Randomize order of answers
Replay
Link that replays current quiz
Next Quiz
Link to next quiz in quiz playlist
You Got
0%
They Got
Avg Score
63%
Avg Friend Score
Upgrade to see
Score Distribution
Jump to the score distribution portion of the page
Score
0/38
Timer
05:00
0
Plays Today
Acronym
% Correct
RIP
Rest In Peace
85.5%
VIP
Very Important Person
85.5%
ASAP
As Soon As Possible
85.5%
TV
Television
82.3%
UFO
Unidentified Flying Object
82.3%
FYI
For Your Information
80.6%
FAQ
Frequently Asked Questions
79%
BTW
By The Way
77.4%
UN
United Nations
77.4%
NBA
National Basketball Association
75.8%
OJ
Orange Juice
74.2%
AKA
Also Known As
72.6%
TBA
To Be Announced
72.6%
NFL
National Football League
72.6%
TTYL
Talk To You Later
71%
MLB
Major League Baseball
71%
CIA
Central Intelligence Agency
67.7%
ET
Extra-Terrestrial
67.7%
TLC
Tender Loving Care
66.1%
Acronym
% Correct
RAM
Random Access Memory
66.1%
ID
Identification
64.5%
POW
Prisoner of War
64.5%
KO
Knockout
62.9%
PS
Post Script
62.9%
IQ
Intelligence Quotient
61.3%
IM
Instant Message
61.3%
AC
Air Conditioning
56.5%
NATO
North Atlantic Treaty Organization
53.2%
RV
Recreational Vehicle
51.6%
JV
Junior Varsity
50%
IMO
In My Opinion
46.8%
HAZ-
MAT
Hazardous Material
45.2%
PI
Private Investigator
41.9%
ROM
Read Only Memory
40.3%
SPF
Sun Protection Factor
33.9%
PSI
Pounds Per Square Inch
32.3%
LED
Light Emitting Diode
30.6%
PM
Post Meridiem
27.4%
Quiz Playlist
Details
Report
Send in Message
Add To Playlist
Classic:
Type in answers that appear in a list
Random Order:
Randomize order of answers
Quiz Source
Last Updated: Feb 16, 2017
Quiz Scoreboard
CHALLENGE
Sign Up to Join the Scoreboard
Show All
Scores
Hide
Comments
May contain spoilers
Recently Published
Movies - When Are They Set?
by FPL_Elf
Movies
5m
Popular People in 1961
by mucciniale
History
6m
1-10 Letter E Words III
by El_Dandy
Language
2m
More to Explore
Quiz From the Vault
Featured Blog Post
Where Did the Easter Bunny Come From?
hide this ad
You Might Also Like...
Tags
Acronym
common
phrase
Represented
Today's Top Quizzes in Language
Browse Language
hide this ad
Today's Top Quizzes in Acronym
Browse Acronym
Top Contributed Quizzes in Language
1
Order Up: Top 10 Most Native Spoken Languages
2
1-10 Letter F Words III
3
1-10 Letter G Words III
4
1-10 Letter H Words III
5
One Thing in Common: Italy
6
1-10 Letter I Words III
7
Begins and Ends With AN
8
Weisst du, aus welchen Sprachen diese Wörter stammen?
9
Hiragana Speed Reading
10
1-10 Letter J Words III
Explore More
Trending Topics
Marvel
NBA
Crossword
Kpop
Anime
Disney
Harry Potter
Country
NFL
Pokémon
Song
WWE
The Office
Soccer
Puzzle
hide this ad
Score Distribution
Popular Quizzes Today
1
Find the US States - No Outlines Minefield
2
Find the Countries of Europe - No Outlines Minefield
3
The Countries of the World
4
Popular People in 1961
5
1-10 Letter E Words III
6
US States
7
Find the US States
8
One Thing in Common: World Cities II
More Language Quizzes
5 Letter Word Sandwiches
Editor's Pick
Trending Quizzes
Risky Map Clicking: Least Populous States A-Z
1-10 Letter F Words
1-10 Letter G Words
One Thing in Common: United Kingdom
Risky Map Clicking: Next State Alphabetically
Recently Updated
Leaping Animals
pecheneg
Reality TV Shows (A-Z)
bhenderson79
Rickey Henderson's Hall of Fame Teammates
pecheneg
Champions League XIs: Arsenal
pecheneg
Quick Pick: Celebrities in WWE's Hall of Fame
aduchscher
A-Z Keypad Blitz II
pecheneg
Multiple Oscar Actors
pecheneg
Mystery Phrase Blitz: Oscar 'Best Actors'
pecheneg
F. Scott Fitzgerald Novels
LTH
Pick 3 Villains
ddd62291
Trending Topics
Kpop
Marvel
Disney
NBA
Crossword
Harry Potter
Anime
Country
Puzzle
The Office
Pokémon
WWE
Song
NFL
Soccer
Your Account Isn't Verified!
In order to create a playlist on Sporcle, you need to verify the email address you used during registration. Go to your
Sporcle Settings
to finish the process.
Report this User
Report this user for behavior that violates our
Community Guidelines
.
Details:
Send Report
Go to the Sporcle.com Mobile Site →
Comments